| 000 | 00628 a2200181 4500 | ||
|---|---|---|---|
| 020 | _a0471651419 | ||
| 020 | _a9780471651413 | ||
| 082 | _a515.35 | ||
| 090 |
_c1610 _d1610 |
||
| 100 | 1 | _aBrannan, James R. | |
| 245 | 1 | 0 |
_aDifferential equations : _ban introduction to modern methods and applications / _cJames R. Brannan, William E. Boyce. |
| 250 | _a1st ed. | ||
| 260 |
_a[S.l.] : _bWiley, _c2006. |
||
| 300 |
_a704 p. ; _c26 cm. |
||
| 700 | 1 | _aBoyce, William E. | |
| 942 |
_aSNS _cBK _k515.35 BRA |
||
| 999 |
_c30219 _d30219 |
||